000 00629cam a2200229 4500
001 J84907
008 090401t1997 xxu||||| |||| 00| 0 eng d
035 _a(Sirsi) u79320
041 _aeng
050 _a711.552
110 _aHillier Parker Research
_92002
245 _aShopping centres in the pipeline. - May 1997 - October 1997
260 _aLondon
_bHillier Parker
_c1997
300 _a2 pt. ; 30cm.
350 _a0
650 _aOUT-OF-TOWN DEVELOPMENT
650 _aSHOPPING CENTRES IN THE PIPELINE
650 _aSHOPPING CENTRES
690 _aPROPERTY-COMMERCIAL PROPERTY
942 _n0
948 _c01/07/1997
999 _c96525
_d96525